Statistics for Most Populous cities in the Levant

Click here to take the quiz!

General Stats

  • This quiz has been taken 24 times
  • The average score is 8 of 12

Answer Stats

PopulationAnswer% Correct
1,253,900Jerusalem
100%
3,900,000Tel Aviv Yafo
100%
2,600,000Beirut
96%
2,503,000Damascus
96%
4,642,000Amman
92%
2,098,210Aleppo
88%
600,000Gaza City
67%
936,800haifa
67%
775,404Homs
50%
2,050,000Irbid
21%
929,300Az Zarqa
8%
558,210Russeifa
4%

Score Distribution

Percentile by Number Answered

Percent of People with Each Score

Your Score History

You have not taken this quiz